00385nam a2200145 a 4500008004100000020001500041050001700056100002800073245003100101246003100132250001200163260003300175300002200208350000900230120416s1990 ||||||||||||||||| || u a0419138307 aTA 683.2 Mac aMcGinley, Thomas Joseph10aReinforced concrete design adesign theory and examples a2nd ed. aLondonbChapman & Hallc1990 axvi, 520p. : ill. a0.00